| 000 | 00415nam a2200133Ia 4500 | ||
|---|---|---|---|
| 008 | 230917s9999||||xx |||||||||||||| ||und|| | ||
| 040 |
_e94755 _aMAIN |
||
| 041 | _aEnglish | ||
| 082 | _a610 B469E | ||
| 100 | _aBhatnagar, U P | ||
| 245 | 0 | _aEffect of different amount of blood transfusion given at different speeds on left ventricular filling pressures in chronic severe anaemia | |
| 300 | _a140 p. | ||
| 942 | _cTH | ||
| 999 |
_c222563 _d222563 |
||